Movies by Death #2 - Statistics

General Stats
  • This quiz has been taken 32,632 times
    25,971 since last reset
  • The average score is 9 of 20
Answer Stats
Death Movie % Correct
Alien bursting through chest Alien
85%
Face melts after looking at Ark Raiders of the Lost Ark
77%
Shot by blaster at the cantina Star Wars
74%
Melted by a bucket of water The Wizard of Oz
70%
Turns into dust after villain snaps his fingers Avengers: Infinity War
69%
Electric chair (hood refused) The Green Mile
61%
Skin covered with gold paint Goldfinger
58%
Eaten by barracuda along with at least 399 of her kids Finding Nemo
54%
Shot by Libyan terrorists for stealing plutonium Back to the Future
46%
Euthanized by former boxing coach Million Dollar Baby
39%
Shot by owner after getting rabies Old Yeller
36%
Hit head ejecting from airplane Top Gun
36%
Lost a game of wits with the Dread Pirate The Princess Bride
31%
Radiation poisoning in the spaceship's engine room Star Trek II: The Wrath of Khan
29%
Electrocuted by a prankster's handshake Batman
27%
Machine gunned by police while car pulled over on side of road Bonnie and Clyde
27%
Incinerated after play-fighting with gasoline Zoolander
26%
Eye gouging, then bitten by a black mamba Kill Bill: Vol. 2
24%
Stomach explodes after eating wafer-thin mint Monty Python's The Meaning of Life
23%
Crucified along the Appian Way Spartacus
20%
No matching quizzes found
Score Distribution
Percent of People with Each Score
Percentile by Number Answered
Your Score History
You have not taken this quiz since the last reset